[Event "Mistrzostwa Miedzywojewodzkie WP+ZP 2014 - C13"]
[Site "Zerkow"]
[Date "2014.??.??"]
[Round "9.7"]
[White "Walkowski, Jonasz"]
[Black "Kaminski, Antoni"]
[Result "0-1"]
[WhiteElo "1425"]
[BlackElo "1323"]
[PlyCount "126"]
[EventDate "2014.??.??"]

1. Nf3 g6 2. g3 Bg7 3. Bg2 c6 4. O-O Nf6 5. d4 O-O 6. c3 d5 7. Nbd2 Nbd7 8. Re1
Re8 9. e4 dxe4 10. Nxe4 Nxe4 11. Rxe4 Nf6 12. Re1 Qb6 13. b3 Nd5 14. c4 Nf6 15.
Be3 Ng4 16. Rc1 Nxe3 17. fxe3 Bh6 18. c5 Qa5 19. Qd3 Bf5 20. Qc3 Qxc3 21. Rxc3
Bg7 22. e4 Bg4 23. Rd3 Rad8 24. d5 e6 25. d6 Bxf3 26. Bxf3 Be5 27. b4 Rd7 28.
a4 a5 29. Rb1 axb4 30. Rxb4 Ra8 31. Rdb3 Ra7 32. a5 Kf8 33. Be2 Rxa5 34. Rxb7
Ra7 35. R7b6 Bd4+ 36. Kg2 Bxc5 37. Rxc6 Bxd6 38. Rd3 Ke7 39. Rc2 Be5 40. Rxd7+
Rxd7 41. Kf3 h5 42. h3 Ra7 43. Rd2 Ra3+ 44. Rd3 Ra4 45. g4 h4 46. Kg2 g5 47.
Kf3 Kf6 48. Rb3 Bf4 49. Rd3 Ke5 50. Rb3 Ra1 51. Rb5+ Kf6 52. Kg2 Re1 53. Bf3
Be3 54. Rb3 Ke5 55. Rb5+ Kf4 56. Rb3 Rg1+ 57. Kh2 Kxf3 58. Rxe3+ Kxe3 59. Kxg1
Kxe4 60. Kg2 Kf4 61. Kf2 e5 62. Kg2 Ke3 63. Kh2 Kd2 0-1